| 000 | 01216nam a2200325 a 4500 | ||
|---|---|---|---|
| 001 | 000111185 | ||
| 003 | CHAP | ||
| 005 | 20220329144201.0 | ||
| 008 | 150115s2014 mx a fsm |||||||spa d | ||
| 010 | _a107647 | ||
| 011 | _a108619 | ||
| 040 | _cCHAP | ||
| 090 | _aTesis | ||
| 100 | 1 |
_aEstrada Becerra, Citlalli Monserrat _9129008 |
|
| 245 | 1 | 0 |
_aEvaluación de la degradación de los suelos en el Estado de México y propuesta de restauración de la ferilidad _h[En línea] _cpor Citlalli Monserrat Estrada Becerra. |
| 260 |
_aChapingo, Méx. : _bEl autor, _c2014. |
||
| 500 | _aPara ver el contenido del material haga clic en la liga | ||
| 502 | _aTesis (Ing. en Recursos Naturales Renovables) -- UACH. Departamento de Suelos | ||
| 590 |
_aE11695DGD _b10 _c20150120 _lUCH01 _h1054 |
||
| 590 |
_aE5995AHE _b05 _c20150115 _lUCH01 _h0949 |
||
| 590 |
_aE5995AHE _b05 _c20150115 _lUCH01 _h0950 |
||
| 590 |
_aE5995AHE _b05 _c20150115 _lUCH01 _h1111 |
||
| 650 | 1 | 4 |
_aSuelos _xDegradación. _9110336 |
| 650 | 1 | 4 |
_aSuelos _xFertilidad. _9110367 |
| 650 | 1 | 4 |
_aSuelos _zMéxico (Edo.). _9110525 |
| 856 |
_aFinding aid _uhttp://10.13.5.2/tesis/sist111185.pdf _zTeclea aquí |
||
| 901 | _aBK | ||
| 942 | _cTESIS | ||
| 942 | _n0 | ||
| 999 |
_c107647 _d107647 |
||